000 00730nam a2200241Ia 4500
003 OSt
005 20220926004031.0
006 a|||||r|||| 00| 0
007 ta
008 220923b |||||||| |||| 00| 0 eng d
020 _a9788120347311
_c250.75
037 _b930, 10/03/2014, Shree kala Prakashan
_cGeneral Book
040 _aRTL
_cRTL
_beng
041 _2eng
_aeng
082 _aX:8:(D6,9(B), Q3
100 _aRAJARAMAN V.
245 0 _aIntroduction to information technology.
250 _a2nd
260 _a New Delhi
_bPHI Learning
_c2014
300 _axii,372p
_ccm.
942 _hX:8:(D6,9(B), Q3
_cGB
_2CC
999 _c609474
_d609474